Robust computational techniques for boundary layers /

Bibliographic Details
Corporate Author: Taylor & Francis
Other Authors: Farrell, P. A.
Format: eBook
Language:English
Published: Boca Raton : Chapman & Hall/CRC, ©2000.
Series:Applied mathematics ; 13.
Subjects:
Online Access:Connect to the full text of this electronic book

MARC

Tag First Indicator Second Indicator Subfields
LEADER 00000cam a2200000Ma 4500
001 in00005527872
006 m o d
007 cr |n|||||||||
008 180817s2000 flua ob 001 0 eng d
005 20241111204734.0
035 |a (OCoLC)on1048945758 
040 |a YDX  |b eng  |e pn  |c YDX  |d OTZ  |d OCLCO  |d OCLCF  |d OCLCQ  |d YDX  |d TYFRS  |d EBLCP  |d UKAHL  |d OCLCQ  |d N$T  |d K6U  |d OCLCO  |d OCLCQ  |d SFB  |d OCLCQ  |d INARC  |d OCLCO  |d OCLCQ  |d OCLCL  |d OCLCQ 
020 |a 9781482285727  |q (electronic bk.) 
020 |a 148228572X  |q (electronic bk.) 
020 |z 1584881925 
020 |z 9781584881926 
035 |a (OCoLC)1048945758 
050 4 |a QA913  |b .R62 2000 
082 0 4 |a 532/.051  |2 23 
049 |a TXAM 
245 0 0 |a Robust computational techniques for boundary layers /  |c P.A. Farrell [and others]. 
260 |a Boca Raton :  |b Chapman & Hall/CRC,  |c ©2000. 
300 |a 1 online resource 
336 |a text  |b txt  |2 rdacontent 
337 |a computer  |b c  |2 rdamedia 
338 |a online resource  |b cr  |2 rdacarrier 
490 1 |a Applied mathematics ;  |v 13 
505 0 |a Chapter 1 Introduction to numerical methods for problems with boundary layers -- chapter 2 Numerical methods on uniform meshes -- chapter 3 Layer resolving methods for convection diffusion problems in one dimension -- chapter 4 The limitations of non-monotone numerical methods -- chapter 5 Convection-diffusion problems in a moving medium -- chapter 6 Convection-diffusion problems with frictionless walls -- chapter 7 Convection-diffusion problems with no slip boundary conditions -- chapter 8 Experimental estimation of errors -- chapter 9 Non?monotone methods in two dimensions -- chapter 10 Linear and nonlinear reaction?diffusion problems -- chapter 11 Prandtl flow past a flat plate? Blasius' method -- chapter 12 Prandtl flow past a flat plate -- direct method. 
520 3 |a Current standard numerical methods are of little use in solving mathematical problems involving boundary layers. In Robust Computational Techniques for Boundary Layers, the authors construct numerical methods for solving problems involving differential equations that have non-smooth solutions with singularities related to boundary layers. They present a new numerical technique that provides precise results in the boundary layer regions for the problems discussed in the book. They show that this technique can be adapted in a natural way to a real flow problem, and that it can be used to construct benchmark solutions for comparison with solutions found using other numerical techniques. Focusing on robustness, simplicity, and wide applicability rather than on optimality, Robust Computational Techniques for Boundary Layers provides readers with an understanding of the underlying principles and the essential components needed for the construction of numerical methods for boundary layer problems. It explains the fundamental ideas through physical insight, model problems, and computational experiments and gives details of the linear solvers used in the computations so that readers can implement the methods and reproduce the numerical results. 
650 0 |a Boundary layer  |x Mathematics. 
650 0 |a Numerical calculations. 
650 6 |a Couche limite  |x Mathématiques. 
650 6 |a Calculs numériques. 
650 7 |a MATHEMATICS  |x Number Systems.  |2 bisacsh 
650 7 |a COMPUTERS  |x Computer Engineering.  |2 bisacsh 
650 7 |a Numerical calculations  |2 fast 
655 7 |a Electronic books.  |2 local 
700 1 |a Farrell, P. A. 
710 2 |a Taylor & Francis 
776 0 8 |i Print version:  |t Robust computational techniques for boundary layers.  |d Boca Raton : Chapman & Hall/CRC, ©2000  |z 1584881925  |z 9781584881926  |w (DLC) 99086205  |w (OCoLC)43207491 
830 0 |a Applied mathematics ;  |v 13. 
856 4 0 |u http://proxy.library.tamu.edu/login?url=https://www.taylorfrancis.com/books/9780429176845  |z Connect to the full text of this electronic book  |t 0 
955 |a Taylor and Francis MATHnetBASE 
994 |a 92  |b TXA 
999 f f |s f9c1c790-5cee-4b86-92b1-9e1b6b7170fb  |i 97641e72-6a20-46ea-8a39-d3543ea58efc  |t 0 
952 f f |a Texas A&M University  |b College Station  |c Electronic Resources  |d Available Online  |t 0  |e QA913 .R62 2000  |h Library of Congress classification 
998 f f |a QA913 .R62 2000  |t 0  |l Available Online